Programación por objetivos I (Record no. 75159)

MARC details
000 -CABECERA
campo de control de longitud fija 00769nam a2200277 a 4500
005 - FECHA Y HORA DE LA ÚLTIMA TRANSACCIÓN
campo de control 20210219153353.0
008 - ELEMENTOS DE LONGITUD FIJA--INFORMACIÓN GENERAL
campo de control de longitud fija 991125n 000 0 u
035 ## - NÚMERO DE CONTROL DEL SISTEMA
Número de control de sistema UPN01000094542
100 ## - ASIENTO PRINCIPAL--NOMBRE PERSONAL
Nombre de persona Nervi Fre, Juan Ricardo
222 ## - TÍTULO CLAVE
Título clave EDUCACION Y DESARROLLO
245 ## - MENCIÓN DE TÍTULO
Título Programación por objetivos I
300 ## - DESCRIPCIÓN FÍSICA
Extensión 13-16
362 ## - FECHAS DE PUBLICACIÓN Y/O DESIGNACIÓN SECUENCIAL
Fecha de publicación y/o designación secuencial 1979 Año 2, no. 17 dic.
653 0# - TERMINO DE INDIZACION - NO CONTROLADO
Término no controlado ALUMNOS
653 0# - TERMINO DE INDIZACION - NO CONTROLADO
Término no controlado CONOCIMIENTO
653 0# - TERMINO DE INDIZACION - NO CONTROLADO
Término no controlado CURRICULUM
653 0# - TERMINO DE INDIZACION - NO CONTROLADO
Término no controlado DEWEY, JOHN, 1859-1952
653 0# - TERMINO DE INDIZACION - NO CONTROLADO
Término no controlado FILOSOFIA EDUCATIVA
653 0# - TERMINO DE INDIZACION - NO CONTROLADO
Término no controlado MAESTROS
653 0# - TERMINO DE INDIZACION - NO CONTROLADO
Término no controlado 7. OBJETIVOS EDUCATIVOS
653 0# - TERMINO DE INDIZACION - NO CONTROLADO
Término no controlado 8. PROCESO DE PENSAMIENTO
653 0# - TERMINO DE INDIZACION - NO CONTROLADO
Término no controlado 9. PROCESO ENSE\197ANZA-APRENDIZAJE
653 0# - TERMINO DE INDIZACION - NO CONTROLADO
Término no controlado 10. SISTEMA EDUCATIVO NACIONAL
904 ## - ELEMENTOS DE DATOS D LOCAL, LDD (RLIN)
a AC
b 032353
905 ## - TIPO DE MATERIAL
Tipo de material Articulo

No items available.